000 00595nas a22001937a 4500
003 NALT
005 20210506095636.0
008 180405b th |||p| |||| 00| 0 tha d
022 _a19055080
040 _aNALT
041 _atha
245 _aเกษตรกรรมธรรมชาติ
310 _aรายเดือน
500 _aหลังจากเดือนมกราคม 2561 ผลิตในรูปแบบวารสารออนไลน์
850 _aNALT
942 _cJNR
_s1
_2lcc
998 _ajintana
_j755
_k จินตนา เอี่ยมคง
999 _c94631
_d94631